Zhou yi ju zheng : [shang zhong xia juan] /
Saved in:
| Main Author: | |
|---|---|
| Format: | Book |
| Language: | Chinese |
| Published: |
[Taibei] :
Cheng wen chu ban she,
[Min guo 65 i.e. 1976]
|
| Edition: | Tai 1 ban. |
| Series: | Wu qiu bei zhai Yi jing ji cheng ;
164-165. |
| Subjects: | |
| Tags: |
Add Tag
No Tags, Be the first to tag this record!
|
| LEADER | 01808cam a2200373 i 4500 | ||
|---|---|---|---|
| 001 | 007746033-2 | ||
| 005 | 20024617112705.0 | ||
| 008 | 980323s1976 ch 000 0 chi | ||
| 010 | |a 78836630 /C | ||
| 035 | 0 | |a ocm38818471 | |
| 040 | |a DLC |c *YNH* |d CStRLIN | ||
| 050 | 0 | 0 | |a PL2464.Z6 |b W86 vol. 164-165 |
| 100 | 1 | |6 880-01 |a Guo, Jing. | |
| 245 | 1 | 0 | |6 880-02 |a Zhou yi ju zheng : |b [shang zhong xia juan] / |c Guo Jing zhuan. |
| 250 | |6 880-03 |a Tai 1 ban. | ||
| 260 | |6 880-04 |a [Taibei] : |b Cheng wen chu ban she, |c [Min guo 65 i.e. 1976] | ||
| 300 | |a 2 v. ; |c 21 cm. | ||
| 490 | 1 | |6 880-05 |a Wu qiu bei zhai Yi jing ji cheng ; |v 164-165 | |
| 505 | 0 | |6 880-06 |a [1]. Zhou yi ju zheng : shang zhong xia juan / Guo Jing -- Zhou yi kao yi / Wang Fuzhi -- Zhou yi zhu shu jiao zheng / Lu Wenchao -- Zhou yi lue li kao zheng / Lu Wenchao -- Zhou yi zhang ju zheng yi : juan 1-2 / Zhai Junlian -- [2]. Zhou yi zhang ju zheng yi : juan 3-12 / Zhai Junlian. | |
| 500 | |a A collection of five reprints. | ||
| 630 | 0 | 0 | |6 880-07 |a Yi jing. |
| 730 | 0 | |6 880-08 |a Yi jing. |f 1976. | |
| 880 | 1 | |6 100-01 |a 郭京. | |
| 880 | 1 | 0 | |6 245-02 |a 周易舉正 : |b [上中下卷] / |c 郭京撰. |
| 880 | |6 250-03 |a 臺1版. | ||
| 880 | |6 260-04 |a [台北] : |b 成文出版社, |c [民國65 i.e. 1976] | ||
| 880 | 1 | |6 490-05 |a 無求備齋易經集成 ; |v 164-165 | |
| 880 | 0 | |6 505-06 |a [1]. 周易舉正 : 上中下卷 / 郭京 -- 周易考異 / 王夫之 -- 周易注疏校正 / 盧文弨 -- 周易略例考證 / 盧文弨 -- 周易章句證異 : 卷1-2 / 翟均廉 -- [2]. 周易章句證異 : 卷3-12 / 翟均廉. | |
| 880 | 0 | 0 | |6 630-07 |a 易經. |
| 880 | 0 | |6 730-08 |a 易經. |f 1976. | |
| 830 | 0 | |6 880-55 |a Wu qiu bei zhai Yi jing ji cheng ; |v 164-165. | |
| 880 | 0 | |6 830-55 |a 無求備齋易經集成 ; |v 164-165. | |
| 988 | |a 20021121 | ||
| 906 | |0 DLC | ||


